Statistics for Top 30 Miami Heat Players Ever

Click here to take the quiz!

General Stats

  • This quiz has been taken 19 times
  • The average score is 11 of 30

Answer Stats

RankAnswer% Correct
1.Dwyane Wade
100%
5.Chris Bosh
94%
2.Lebron James
94%
6.Shaquille O'neal
88%
3.Alonzo Mourning
82%
7.Bam Adebayo
59%
9.Tim Hardaway
53%
10.Udonis Haslem
53%
16.Hassan Whiteside
47%
8.Glen Rice
41%
25.Jason Williams
41%
13.Eddie Jones
35%
22.Kyle Lowry
35%
17.Tyler Herro
35%
24.Duncan Robinson
29%
18.Ray Allen
29%
14.Steve Smith
29%
29.Antione Walker
18%
12.Goran Dragic
18%
11.Rony Seikaly
18%
28.Caleb Martin
12%
19.Josh Richardson
12%
27.Justise Winslow
12%
20.Jamal Mashburn
6%
4.Jimmy Buter
6%
15.P.J Brown
6%
21.Dan Majerle
0%
23.Dion Waiters
0%
26.Jae Crowder
0%
30.Sherman Douglas
0%

Score Distribution

Percentile by Number Answered

Percent of People with Each Score

Your Score History

You have not taken this quiz